000 00762nam a2200241Ia 4500
001 988
003 GE_BSU
008 181216s||||||||xx |||||||||||||| ||und||
020 _a9785893497212
040 _cGE_BSU
080 _a81(075.8)
100 _aНелюбин,Л.Л;Хухуни,Г.Е;
245 _aНаука о переводе.(история и теория с древнейщих времен до наших дней)
245 _bУчебное пособие.
250 _aИзд. 2-е
260 _aМосква
260 _bФлинта :МПСИ
260 _c2008
300 _a416 с.
541 _h50 л.
653 _aИстория и теория с древнейших времен до наших дней
942 _cBK
999 _c35146
_d35146